00492 2200169 4500001002100000005001500021035002000036245007300056100002100129250001700150300003400167260005300201082000800254084001400262020002200276650002400298INLIS00000000000046920240702102747 a0010-07240000241 aMemahami Fikih 2 :bKelas II Madrasah Ibtidaiyah /cAnis Tanwir Hadi0 aAnis Tanwir Hadi acetakan ke-1 axiv, 114 hlm :bilus ;c25 cm aSolo :bPT Tiga Serangkai Pustaka Mandiri,c2018 a2X4 a2X4 ANI m a978-602-257-618-1 4aBuku Teks Pelajaran